| 000 | 00660nam a2200217 u 4500 | ||
|---|---|---|---|
| 005 | 20240912063849.0 | ||
| 008 | 140820s2000 ug r 000 0 spa d | ||
| 020 | _a8496448142 | ||
| 035 | _aUPN01000198945 | ||
| 049 | _aI | ||
| 050 | 4 |
_aPZ75 _bJ3.6 |
|
| 100 | 1 |
_aJäntti, Mariana _936370 |
|
| 245 | 1 | 1 |
_a¡No mires, miranda! : _b¡es una sorpresa! / _ctexto e il. Mariana Jäntti. |
| 260 |
_aMontevideo : _bNicanitasantiago, _c[2000]. |
||
| 300 |
_a20 p. : _bil. col. |
||
| 440 | 0 | _aCierta duda | |
| 650 | 4 |
_aCuentos infantiles argentinos _97466 |
|
| 650 | 4 |
_aFIESTAS INFANTILES - _vLITERATURA INFANTIL _923554 |
|
| 905 | _aInfantil | ||
| 999 |
_c171046 _d171046 |
||